000 00693nam a2200253Ia 4500
003 OSt
005 20220927105621.0
006 a|||||r|||| 00| 0
007 ta
008 220926b |||||||| |||| 00| 0 eng d
020 _a978921101287
024 _a196566
037 _cReference Collections
040 _aRTL
_cRTL
_beng
041 _2eng
_aeng
082 _a"X:77.1.P, Q0/UN"
110 _aUNITED NATIONS
245 0 _aMillennium development goals report
260 _aNew
_b"York, United Nations, "
_c2010
300 _a76p.
_ccm.
700 _aUNITED NATIONS
942 _h"X:77.1.P, Q0/UN"
_cCC
999 _c693440
_d693440